000 00665nam a2200241 i 4500
001 C2-0298283
003 PPAK
005 20180728080407.0
008 090528s2008 cc a|||| ||||| | chi d
020 _a9789866845482
040 _aPPAK
_beng
_cPPAK
_erda
082 0 4 _a150
_223
090 0 0 _a150
_bHAA
_dG
100 1 _aHaanel, Charles,
_eauthor
245 1 0 _aShi jie zui shen qi de xin ling ke
264 1 _aTaipei, Taiwan :
_bDe wei guo ji wen hua ,
_c2008
300 _a262 pages :
_billustrations ;
_c21 cm
336 _2rdacontent
_atext
337 _2rdamedia
_aunmediated
338 _2rdacarrier
_avolume
650 1 0 _aPsychology
942 _ddc
_cB
999 _c102608
_d102608